000 00287nam a2200109Ia 4500
001 588982
005 20250717120840.0
008 250717s9999 xx 000 0 und d
245 0 _aU-10 SUDAKİ ARKADAŞ
_cFATMA AYDINLI
260 _bTÜRKİYE DİYANET VAKFI YAYINLARI
_c2013
300 _b19
999 _c588982
_d588982